000 00465nmm a2200181 a 4500
003 AR-X00000XY
005 20251128212013.0
008 107020s1967 ||||||||||||||000 | spa||
040 _cAR-X00000XY
100 1 _aPieyre de Mandiargues, André
245 1 0 _aLa marge
260 _aParis
_bGallimard
_c1967
300 0 _a248 p.
500 0 _aCon dedicatoria manuscrita del autor a Alejandra Pizarnik
655 _aLITERATURA
942 _cBK
998 _cmartin
999 _c22023
_d22023